000 00799nam a2200265 i 4500
003 DO-SdBNP
005 20240710115725.0
006 a||||gr|||| 00| 0
007 ta
008 240710e1972 spaao||| |||| 00| d spa d
040 _aDO-SdBNP
_bspa
_cBNPHU
_erda
082 4 _222
_bH895h
100 1 _aHugo, Víctor,
_d1802-1885
_913708
_eautor
245 1 0 _aHernani /
_cVíctor Hugo.
264 1 _aBarcelona, España :
_bEditorial Ramón Sopena,
_c1972
300 _a158 páginas completadas ;
_c17 cm.
336 _2rdacontent
_atexto
_btxt
337 _2rdamedia
_asin mediación
_bn
338 _2rdacarrier
_avolumen
_bnc
490 0 _aBiblioteca Sopena ;
_v66-2
590 _aInventariado 2024 / MF
650 4 _aLiteratura Española
_9632
650 4 _aDrama Español
_926851
942 _2ddc
_cLBS1
999 _c57240
_d57240